<?xml version="1.0" encoding="UTF-8"?>
<record
    xmlns:xsi="http://www.w3.org/2001/XMLSchema-instance"
    xsi:schemaLocation="http://www.loc.gov/MARC21/slim http://www.loc.gov/standards/marcxml/schema/MARC21slim.xsd"
    xmlns="http://www.loc.gov/MARC21/slim">

  <leader>00984cas a22002773u 4500</leader>
  <controlfield tag="001">ssib012351409</controlfield>
  <controlfield tag="003">WaSeSS</controlfield>
  <controlfield tag="005">20211202181818.0</controlfield>
  <controlfield tag="006">m        d        </controlfield>
  <controlfield tag="007">cr  n         </controlfield>
  <controlfield tag="008">160509uuuuuuuuu||||| |ss||||||   ||||||d</controlfield>
  <datafield tag="040" ind1=" " ind2=" ">
    <subfield code="a">WaSeSS</subfield>
    <subfield code="c">AIMIT LIBRARY</subfield>
    <subfield code="d">WaSeSS</subfield>
  </datafield>
  <datafield tag="092" ind1=" " ind2=" ">
    <subfield code="a">EPER</subfield>
  </datafield>
  <datafield tag="130" ind1="0" ind2=" ">
    <subfield code="a">OpenSource for You (Online)</subfield>
    <subfield code="9">9964</subfield>
  </datafield>
  <datafield tag="245" ind1="1" ind2="0">
    <subfield code="a">OpenSource for You</subfield>
  </datafield>
  <datafield tag="260" ind1=" " ind2=" ">
    <subfield code="a">[S.l.] :</subfield>
    <subfield code="b">[s.n.]</subfield>
  </datafield>
  <datafield tag="500" ind1=" " ind2=" ">
    <subfield code="a">Title from content provider.</subfield>
  </datafield>
  <datafield tag="506" ind1=" " ind2=" ">
    <subfield code="a">Requires an SPL library card.</subfield>
  </datafield>
  <datafield tag="516" ind1=" " ind2=" ">
    <subfield code="a">Text (electronic journal).</subfield>
  </datafield>
  <datafield tag="538" ind1=" " ind2=" ">
    <subfield code="a">Mode of access: World Wide Web.</subfield>
  </datafield>
  <datafield tag="655" ind1=" " ind2="0">
    <subfield code="a">Electronic journals.</subfield>
    <subfield code="9">9965</subfield>
  </datafield>
  <datafield tag="710" ind1="2" ind2=" ">
    <subfield code="a">NewspaperDirect (Firm)</subfield>
    <subfield code="9">9966</subfield>
  </datafield>
  <datafield tag="856" ind1="4" ind2="0">
    <subfield code="y">Click here to access this full text electronic journal online.</subfield>
    <subfield code="u">http://MY2VS8LV9P.search.serialssolutions.com/?V=1.0&amp;L=MY2VS8LV9P&amp;S=JCs&amp;C=JC_012351409&amp;T=marc</subfield>
    <subfield code="z">An electronic journal available through full-text database.</subfield>
  </datafield>
  <datafield tag="942" ind1=" " ind2=" ">
    <subfield code="2">ddc</subfield>
    <subfield code="c">PR</subfield>
    <subfield code="s">1</subfield>
  </datafield>
  <datafield tag="999" ind1=" " ind2=" ">
    <subfield code="c">220446</subfield>
    <subfield code="d">220446</subfield>
  </datafield>
  <datafield tag="999" ind1=" " ind2=" ">
    <subfield code="b">02898590</subfield>
  </datafield>
  <datafield tag="952" ind1=" " ind2=" ">
    <subfield code="0">0</subfield>
    <subfield code="1">0</subfield>
    <subfield code="2">ddc</subfield>
    <subfield code="3">2021/160</subfield>
    <subfield code="4">0</subfield>
    <subfield code="7">1</subfield>
    <subfield code="a">AIMIT</subfield>
    <subfield code="b">AIMIT</subfield>
    <subfield code="d">2021-11-08</subfield>
    <subfield code="l">0</subfield>
    <subfield code="r">2021-11-08 00:00:00</subfield>
    <subfield code="w">2021-11-08</subfield>
    <subfield code="y">PR</subfield>
  </datafield>
  <datafield tag="952" ind1=" " ind2=" ">
    <subfield code="0">0</subfield>
    <subfield code="1">0</subfield>
    <subfield code="2">ddc</subfield>
    <subfield code="3">2021/160</subfield>
    <subfield code="4">0</subfield>
    <subfield code="7">1</subfield>
    <subfield code="a">AIMIT</subfield>
    <subfield code="b">AIMIT</subfield>
    <subfield code="d">2021-11-08</subfield>
    <subfield code="h">Vol. 9, No. 4</subfield>
    <subfield code="l">0</subfield>
    <subfield code="r">2021-11-08 00:00:00</subfield>
    <subfield code="w">2021-11-08</subfield>
    <subfield code="y">PR</subfield>
  </datafield>
  <datafield tag="952" ind1=" " ind2=" ">
    <subfield code="0">0</subfield>
    <subfield code="1">0</subfield>
    <subfield code="2">ddc</subfield>
    <subfield code="4">0</subfield>
    <subfield code="7">1</subfield>
    <subfield code="a">AIMIT</subfield>
    <subfield code="b">AIMIT</subfield>
    <subfield code="d">2022-10-08</subfield>
    <subfield code="h">Vol. 10, No. 12</subfield>
    <subfield code="l">0</subfield>
    <subfield code="p">OPE1012</subfield>
    <subfield code="r">2022-10-08 00:00:00</subfield>
    <subfield code="w">2022-10-08</subfield>
    <subfield code="y">PR</subfield>
  </datafield>
</record>
